000 00818nam a2200157 a 4500
008 120416s0000 ||||||||||||||||| || u
020 _a8171413412
050 _aTD 788 Dew
100 _aDewan, J. M
245 1 0 _aSolid waste management
260 _aNew Delhi
_bDiscovery publishing house
_c1996
350 _a0.00
995 _aANNEX COLLECTION (Main Library)
_D0.00
_e732390
_FCBU-MAIN LIBRARY (Kitwe)
_H1
_I0.00
_jTD 788 Dew
_M1
_UAVAILABLE
_y029584
_ZAnnex Low-Usage Collection
995 _aANNEX COLLECTION (Main Library)
_D0.00
_e732388
_FCBU-MAIN LIBRARY (Kitwe)
_H2
_I0.00
_jTD 788 Dew
_M2
_UAVAILABLE
_WMay 18, 2006
_y029586
_ZAnnex Low-Usage Collection
995 _aANNEX COLLECTION (Main Library)
_D0.00
_e732389
_FCBU-MAIN LIBRARY (Kitwe)
_H3
_I0.00
_jTD 788 Dew
_M3
_UAVAILABLE
_WJul 11, 2006
_y029585
_ZAnnex Low-Usage Collection
999 _c76648
_d76648